000 00415nam a2200169Ia 4500
001 20914
003 IN-NITTTR
005 20251114233238.0
008 251113s9999||||xx |||||||||||||| ||eng||
040 _beng
040 _cIN-NITTTR
041 _aeng
082 _a338.04 C361E
100 _aChandra, K. Ravi
245 0 _aEntrepreneurial success :
_b a psycological study /
_cChandra, K. Ravi
942 _2ddc
_cBK
999 _c23544
_d23544